Normal view MARC view

Entry Personal Name

Number of records used in: 2

001 - CONTROL NUMBER

  • control field: 40249

003 - CONTROL NUMBER IDENTIFIER

  • control field: dpl

005 - DATE AND TIME OF LATEST TRANSACTION

  • control field: 20120127180841.0

008 - FIXED-LENGTH DATA ELEMENTS

  • fixed length control field: 120127|||a|||||| | ||| d

040 ## - CATALOGING SOURCE

  • Original cataloging agency: dpl
  • Transcribing agency: dpl

100 ## - HEADING--PERSONAL NAME

  • Personal name: Kar, Sabita

670 ## - SOURCE DATA FOUND

  • Source citation: Work cat.: (dpl): Mukherji, Sagarika 40247, Social science Q and A :

670 ## - SOURCE DATA FOUND

  • Source citation: Work cat.: (dpl): Mukherji, Sagarika 40247, Social science Q and A :

© Delhi Public Library
Hit Counter
free hit counter